Best QB for each franchise in the NFL - Statistics

General Stats
  • This quiz has been taken 41 times
  • The average score is 23 of 32
Answer Stats
Hint Answer % Correct
NO Drew Brees
100%
NYG Eli Manning
100%
IND Peyton Manning
100%
NE Tom Brady
100%
GB Aaron Rodgers
97%
MIA Dan Marino
97%
SF Joe Montana
97%
DET Matthew Stafford
97%
KC Patrick Mahomes
97%
PIT Ben Roethlisberger
92%
DEV John Elway
92%
FAL Matt Ryan
92%
SEA Russell Wilson
92%
BAL Joe Flacco
89%
BUF Jim Kelly
86%
LAR Kurt Warner
81%
LAC Philip Rivers
81%
DAL Troy Aikman
81%
NYJ Joe Namath
78%
LV Derek Carr
65%
HOU David Carr
62%
VIK Fran Tarkenton
59%
DC Joe Theismann
57%
CHI Jay Cutler
51%
PAT Cam Newton
46%
TEN Steve McNair
46%
PHI Nick Foles
43%
TB Jameis Winston
38%
CLE Otto Graham
38%
CIN Ken Anderson
32%
ARI Jim Hart
11%
JAG Steve Beuerlein
3%
No matching quizzes found
Score Distribution
Percent of People with Each Score
Percentile by Number Answered
Your Score History
You have not taken this quiz